[Event "1st Hainan Open 2016"]
[Site "Danzhou CHN"]
[Date "2016.12.09"]
[Round "3.10"]
[White "Yermolinsky, Alex"]
[Black "Zhao, Shengxin"]
[Result "1-0"]
[WhiteTitle "GM"]
[BlackTitle "WFM"]
[WhiteElo "2486"]
[BlackElo "2020"]
[WhiteFideId "2005492"]
[BlackFideId "8608040"]
[EventDate "2016.12.07"]

1. d4 d5 2. c4 c6 3. Nf3 Nf6 4. e3 e6 5. Bd3 dxc4 6. Bxc4 b5 7. Bd3 Bb7 8. O-O
Nbd7 9. e4 a6 10. a4 bxa4 11. e5 Nd5 12. Ng5 Be7 13. Qh5 g6 14. Qh6 Bf8 15. Qh3
Be7 16. Ne4 Qb6 17. Rxa4 Qb3 18. Nbc3 Nxc3 19. Nxc3 Nb6 20. Ra1 Nd5 21. Bh6 Nxc3
22. bxc3 Qxc3 23. Rab1 Ra7 24. Rfc1 Qa3 25. d5 cxd5 26. Rc7 1-0

[Event "1st Hainan Open 2016"]
[Site "Danzhou CHN"]
[Date "2016.12.09"]
[Round "3.11"]
[White "Liu, Guanchu"]
[Black "Hamitevici, Vladimir"]
[Result "0-1"]
[WhiteTitle "IM"]
[BlackTitle "IM"]
[WhiteElo "2418"]
[BlackElo "2477"]
[WhiteFideId "8603901"]
[BlackFideId "13902393"]
[EventDate "2016.12.07"]

1. e4 c6 2. d4 d5 3. e5 Bf5 4. Nc3 e6 5. g4 Bg6 6. Nge2 c5 7. h4 h5 8. Nf4 Bh7
9. Nxh5 Nc6 10. dxc5 Bxc5 11. Bb5 Qc7 12. Bxc6+ Qxc6 13. Qf3 Kf8 14. Be3 Ne7 15.
Bxc5 Qxc5 16. O-O Nc6 17. Rae1 Rc8 18. Nf4 Nd4 19. Qg3 Nxc2 20. Rc1 d4 21. Nb1
Kg8 22. Ng2 Qd5 23. a3 d3 24. Rfd1 Qb3 25. Nf4 Rd8 26. Rd2 Be4 27. Rcd1 Nd4 28.
Nc3 Nf3+ 29. Kf1 Bc6 30. Rxd3 Rxd3 31. Rxd3 Nxe5 32. Rd8+ Kh7 33. Rxh8+ Kxh8 34.
Nfe2 Nf3 35. Qb8+ Kh7 36. Qxa7 Qxb2 37. Qe3 Qxa3 0-1

[Event "1st Hainan Open 2016"]
[Site "Danzhou CHN"]
[Date "2016.12.09"]
[Round "3.12"]
[White "Fang, Yuxiang"]
[Black "Zhao, Yuanhe"]
[Result "1-0"]
[WhiteTitle "IM"]
[WhiteElo "2510"]
[BlackElo "2351"]
[WhiteFideId "8605840"]
[BlackFideId "8609497"]
[EventDate "2016.12.07"]

1. d4 d5 2. c4 c6 3. Nf3 Nf6 4. Nc3 e6 5. cxd5 exd5 6. Bg5 Be7 7. Qc2 Nbd7 8. e3
Nh5 9. Bxe7 Qxe7 10. Be2 g6 11. O-O O-O 12. Rab1 Nb6 13. Ne5 Ng7 14. Bd3 Bf5 15.
Bxf5 Nxf5 16. Ne2 Rfe8 17. Ng3 Nxg3 18. hxg3 Nd7 19. Nxd7 Qxd7 20. b4 a5 21. a4
axb4 22. Rxb4 Ra7 23. Rfb1 Qe7 24. Qb3 Rea8 25. g4 Qe4 26. g5 Qf5 27. Qd1 Qxg5
28. Rxb7 Rxa4 29. Qf3 Qf5 30. Qxf5 gxf5 31. g3 Rc4 32. R1b2 Re8 33. Rd7 Re6 34.
Kg2 Kg7 35. Kf3 Kg6 36. Rbb7 Rf6 37. Rd8 Kg7 38. Rbb8 Rg6 39. Rbc8 Kf6 40. Rh8
Kg7 41. Rhe8 Kf6 42. Rc7 Kg7 43. Ra8 Rc2 44. Ra5 Rd6 45. Ra8 Rg6 46. Re8 Rc4 47.
Re5 Rf6 48. Rc8 h6 49. Kf4 Rc2 50. f3 Kg6 51. Rxd5 Re6 52. Rg8+ Kh7 53. Rdd8 Rg6
54. Rh8+ Kg7 55. Kxf5 Rf6+ 56. Ke4 Re6+ 57. Kd3 Rh2 58. g4 Kf6 59. e4 Kg5 60.
Ke3 Kh4 61. e5 Kg3 62. Rd6 Rf2 63. Rxe6 Rxf3+ 64. Ke4 fxe6 65. Rxh6 Rf4+ 66. Kd3
Rf3+ 67. Kc4 Rf1 68. g5 Rc1+ 69. Kd3 Kf4 70. Rxe6 Kxg5 71. Rf6 Kg4 72. Rf2 Rd1+
73. Kc4 Rc1+ 74. Kb4 Rb1+ 75. Kc5 Rc1+ 76. Kd6 Rd1 77. e6 Rxd4+ 78. Kxc6 Re4 79.
Kd7 Rd4+ 80. Ke8 Ra4 81. e7 1-0

[Event "1st Hainan Open 2016"]
[Site "Danzhou CHN"]
[Date "2016.12.09"]
[Round "3.13"]
[White "Werle, Jan"]
[Black "Xiao, Yiyi"]
[Result "1-0"]
[WhiteTitle "GM"]
[BlackTitle "WFM"]
[WhiteElo "2560"]
[BlackElo "2302"]
[WhiteFideId "1006088"]
[BlackFideId "8606161"]
[EventDate "2016.12.07"]

1. d4 Nf6 2. c4 e6 3. Nf3 Bb4+ 4. Nbd2 O-O 5. a3 Bxd2+ 6. Qxd2 b6 7. e3 Bb7 8.
Be2 d6 9. O-O Nbd7 10. b4 Ne4 11. Qc2 f5 12. d5 e5 13. Ne1 Qe8 14. f3 Nef6 15.
Bb2 Qe7 16. Qxf5 Nxd5 17. Qe4 Nxb4 18. Qxb7 Nc5 19. Qxa8 Rxa8 20. axb4 Nd7 21.
Nc2 a5 22. Ra3 Qe8 23. Rfa1 Rb8 24. Bc3 axb4 25. Nxb4 Nc5 26. Ra7 Ne6 27. Bd3
Nc5 28. Rxc7 Nxd3 29. Raa7 Nc5 30. Rxg7+ Kf8 31. Rxh7 Kg8 32. Rag7+ Kf8 33. Nd5
Qe6 34. Nf4 1-0

[Event "1st Hainan Open 2016"]
[Site "Danzhou CHN"]
[Date "2016.12.09"]
[Round "3.14"]
[White "Chu, Wei Chao"]
[Black "Ushenina, Anna"]
[Result "1-0"]
[WhiteTitle "IM"]
[BlackTitle "GM"]
[WhiteElo "2281"]
[BlackElo "2459"]
[WhiteFideId "8605661"]
[BlackFideId "14110911"]
[EventDate "2016.12.07"]

1. Nf3 d5 2. e3 Nf6 3. c4 c6 4. b3 g6 5. Bb2 Bg7 6. Be2 O-O 7. O-O b6 8. d4 Bb7
9. Nc3 Nbd7 10. cxd5 cxd5 11. b4 Ne4 12. Qa4 Nxc3 13. Bxc3 a6 14. b5 a5 15. Rac1
Qb8 16. Qa3 Re8 17. h3 e6 18. Bb2 f6 19. Qa4 Rc8 20. Ba3 Rxc1 21. Rxc1 Qd8 22.
Qb3 Rc8 23. Rxc8 Qxc8 24. h4 Bf8 25. Ne1 Kf7 26. Nd3 Qc7 27. Bxf8 Nxf8 28. g3
Bc8 29. Kg2 Bb7 30. Nf4 Qc1 31. Bf3 Qc7 32. Qa3 Qd7 33. Qd3 Ba8 34. Bg4 Bb7 35.
h5 f5 36. hxg6+ hxg6 37. Bd1 g5 38. Nh3 g4 39. Nf4 Qc7 40. f3 gxf3+ 41. Bxf3 Ke7
42. g4 fxg4 43. Bxg4 Bc8 44. a4 Bd7 45. Kg3 Be8 46. Kf3 Bd7 47. e4 dxe4+ 48.
Qxe4 Qc3+ 49. Kg2 Kd8 50. Qe5 Kc8 51. Bf3 Ng6 52. Bb7+ Kxb7 53. Qe4+ Ka7 54.
Nxg6 Bc8 55. Ne5 Qd2+ 56. Kg3 Qg5+ 57. Kh3 Qh5+ 58. Kg3 Qg5+ 59. Kf2 Qf6+ 60.
Ke2 Bb7 61. Qh7 Qf8 62. Qc7 Ka8 63. Qxb6 Qb4 64. Qc5 Qb2+ 65. Ke3 Qb3+ 66. Kf4
Qh3 67. Qf8+ Ka7 68. Qc5+ Ka8 69. Qf8+ Ka7 70. Qd8 Qf1+ 71. Kg5 Qf5+ 72. Kh6
Qf4+ 73. Kg7 Qg3+ 74. Kf7 Qf2+ 75. Ke8 Qd2 76. Qc7 Ka8 77. Nd7 1-0

[Event "1st Hainan Open 2016"]
[Site "Danzhou CHN"]
[Date "2016.12.09"]
[Round "3.15"]
[White "Vignesh, N R"]
[Black "Gu, Tianlu"]
[Result "1-0"]
[WhiteTitle "IM"]
[BlackTitle "WIM"]
[WhiteElo "2432"]
[BlackElo "2251"]
[WhiteFideId "25012215"]
[BlackFideId "8603995"]
[EventDate "2016.12.07"]

1. e4 c5 2. c3 Nf6 3. e5 Nd5 4. Nf3 Nc6 5. d4 cxd4 6. cxd4 d6 7. Bc4 dxe5 8.
Bxd5 Qxd5 9. Nc3 Qa5 10. d5 Nb4 11. Nxe5 Qa6 12. a3 Bf5 13. axb4 Qxa1 14. O-O
Qa6 15. b5 Qd6 16. Bf4 f6 17. Ng6 Qb4 18. Nxh8 Qxf4 19. d6 Qxd6 20. Qh5+ g6 21.
Qxh7 Qe6 22. Nxg6 Qf7 23. Qxf7+ Kxf7 24. Nxf8 Rxf8 25. Rd1 Rc8 26. f3 Rc4 27.
Ra1 a6 28. bxa6 bxa6 29. Rxa6 Rb4 30. Ra5 Bd7 31. Rd5 Bc6 32. Rd2 e5 33. Na2 Rb3
34. Nc1 Rb4 35. Kf2 Rh4 36. h3 Rc4 37. Nd3 Rd4 38. Ke3 Rc4 39. Rd1 Bb5 40. Rc1
Rd4 41. Rc3 Ke6 42. g4 f5 43. Nc5+ Kf6 44. gxf5 Kxf5 45. Ne4 Rd1 46. Rb3 Bc4 47.
Rb6 Be6 48. h4 Re1+ 49. Kf2 Rc1 50. h5 Rc2+ 51. Kg3 Rc1 52. b4 Rh1 53. Kg2 Rc1
54. b5 Rc7 55. Rc6 Rg7+ 56. Kf2 Rg8 57. b6 1-0

[Event "1st Hainan Open 2016"]
[Site "Danzhou CHN"]
[Date "2016.12.09"]
[Round "3.16"]
[White "Vo, Thi Kim Phung"]
[Black "Lin, Yi"]
[Result "0-1"]
[WhiteTitle "WIM"]
[WhiteElo "2229"]
[BlackElo "2422"]
[WhiteFideId "12401838"]
[BlackFideId "8609659"]
[EventDate "2016.12.07"]

1. d4 Nf6 2. Bg5 d5 3. e3 g6 4. Bxf6 exf6 5. c4 dxc4 6. Bxc4 Bd6 7. Nf3 c6 8.
Qb3 O-O 9. a4 Qe7 10. O-O Nd7 11. a5 f5 12. Nc3 Nf6 13. a6 b5 14. Bd3 Be6 15.
Qd1 Nd5 16. e4 Nxc3 17. bxc3 fxe4 18. Bxe4 Qc7 19. Re1 Rad8 20. Qb1 Rfe8 21. h3
Re7 22. Nd2 Rde8 23. Bf3 Bf5 24. Rxe7 Rxe7 25. Qb2 Bd3 26. Nf1 Bf4 27. Rd1 Bc4
28. g3 Bh6 29. Nh2 Be6 30. Bg2 Qc8 31. Qa3 Bf8 32. Re1 Qd7 33. Qa5 Bc4 34. Rxe7
Bxe7 35. Ng4 f6 36. Ne3 Bf7 37. Kh2 Kg7 38. Bf1 Bd8 39. Qa3 Qe7 40. Qb2 Bc7 41.
Bg2 Qd6 42. Nc2 h5 43. h4 Bd5 44. Bh3 Qe7 45. Ne3 Bf3 46. Qa2 Qe4 47. Qe6 Qxe6
48. Bxe6 Kf8 49. Nc2 Ke7 50. Bb3 Bd6 51. c4 bxc4 52. Bxc4 Be4 53. Ne3 Bc7 54. d5
c5 55. Kg1 Be5 56. Kf1 Bf3 57. Bd3 f5 58. Bb5 Bd4 59. Nc2 Bxd5 60. Nxd4 cxd4 61.
Ke2 Be4 62. f3 Bb1 63. Kd2 f4 64. gxf4 Bf5 65. Bc6 Bh3 66. Be4 Kf6 67. Bb7 Bf1
68. Bc8 Bc4 69. f5 g5 70. hxg5+ Kxg5 71. Be6 Bxa6 72. Ke1 Bd3 73. f4+ Kf6 74.
Kf2 Bxf5 75. Bb3 a5 76. Kg3 d3 77. Kf2 h4 78. Ba4 h3 79. Kg3 Ke6 80. Bb3+ Kd6
81. Bd1 Kc5 82. Kf2 Kb4 83. Ke3 a4 84. Bf3 a3 85. Bd5 h2 0-1

[Event "1st Hainan Open 2016"]
[Site "Danzhou CHN"]
[Date "2016.12.09"]
[Round "3.17"]
[White "Ji, Dan"]
[Black "Ooi, Zhi Yang"]
[Result "1-0"]
[BlackTitle "IM"]
[WhiteElo "2398"]
[BlackElo "2211"]
[WhiteFideId "8601887"]
[BlackFideId "5709270"]
[EventDate "2016.12.07"]

1. Nf3 Nf6 2. g3 g6 3. Bg2 Bg7 4. d4 O-O 5. c4 b6 6. O-O Bb7 7. d5 b5 8. Qb3 a6
9. a4 c6 10. dxc6 dxc6 11. axb5 cxb5 12. cxb5 Nbd7 13. bxa6 Bd5 14. Qb4 Qc7 15.
Nc3 e6 16. Bf4 Qc8 17. a7 Rd8 18. Rfc1 Bf8 19. Nxd5 1-0

[Event "1st Hainan Open 2016"]
[Site "Danzhou CHN"]
[Date "2016.12.09"]
[Round "3.18"]
[White "Peng, Hongchi"]
[Black "Li, Bo"]
[Result "0-1"]
[BlackTitle "IM"]
[WhiteElo "2169"]
[BlackElo "2364"]
[WhiteFideId "8609047"]
[BlackFideId "8602786"]
[EventDate "2016.12.07"]

1. d4 Nf6 2. c4 g6 3. Nc3 Bg7 4. e4 d6 5. Nf3 O-O 6. Be2 Nc6 7. d5 Nb8 8. h3 e5
9. Be3 Na6 10. a3 Nc5 11. Nd2 Ne8 12. b4 Nd7 13. g4 a5 14. c5 f5 15. exf5 gxf5
16. gxf5 Ndf6 17. Rc1 Bxf5 18. h4 axb4 19. axb4 Kh8 20. h5 Rg8 21. Nf3 Bf8 22.
Nh4 Qc8 23. c6 bxc6 24. dxc6 Qe6 25. Bf3 e4 26. Nxf5 Qxf5 27. Be2 d5 28. Qd4 Bd6
29. Nb5 Be5 30. Qd2 Ng7 31. Nd4 Bxd4 32. Bxd4 Ne6 33. h6 Nxd4 34. Qxd4 Rg5 35.
b5 Qf4 36. Rd1 Rb8 37. Ra1 Kg8 38. Qa7 Re8 39. Qe3 Qe5 40. Ra4 Rg6 41. Qd4 Qxd4
42. Rxd4 Ra8 43. Rd1 Kf8 44. Rc1 Ke7 45. b6 cxb6 46. c7 Rgg8 47. Rh3 Rgc8 48.
Rb3 Ra7 49. Rbc3 Ne8 50. Rg3 Raxc7 51. Rd1 Rc1 52. Bh5 Rxd1+ 53. Kxd1 Nf6 54.
Rg7+ Kd6 55. Be2 d4 56. Kd2 Rc7 57. f3 Rc3 58. fxe4 Nxe4+ 59. Kd1 Rh3 60. Rxh7
Nc3+ 61. Kd2 Rh2 62. Kd3 Nxe2 63. Rh8 Kc5 64. h7 Nf4+ 65. Ke4 Ng6 66. Rc8+ Kb5
67. Rg8 Rh4+ 68. Kd3 Ne5+ 0-1

[Event "1st Hainan Open 2016"]
[Site "Danzhou CHN"]
[Date "2016.12.10"]
[Round "4.1"]
[White "Yu, Yangyi"]
[Black "Wen, Yang"]
[Result "1-0"]
[WhiteTitle "GM"]
[BlackTitle "GM"]
[WhiteElo "2729"]
[BlackElo "2607"]
[WhiteFideId "8603820"]
[BlackFideId "8602956"]
[EventDate "2016.12.07"]

1. e4 e5 2. Nf3 Nc6 3. Bb5 a6 4. Ba4 Nf6 5. O-O b5 6. Bb3 Bc5 7. c3 d6 8. d4 Bb6
9. a4 Bb7 10. Bg5 h6 11. Bxf6 Qxf6 12. Bd5 O-O 13. Na3 Rfb8 14. Nc2 bxa4 15.
Rxa4 a5 16. Re1 exd4 17. cxd4 Ne7 18. Bxb7 Rxb7 19. Ne3 Rd8 20. Qc2 Rbb8 21. h4
d5 22. e5 Qc6 23. Qxc6 Nxc6 24. Rc1 Nb4 25. Nf5 Re8 26. Ra3 Re6 27. h5 Rbe8 28.
Kf1 f6 29. N3h4 Kf7 30. f4 Rc6 31. Rxc6 Nxc6 32. Rg3 Nxd4 33. Rxg7+ Ke6 34. Rg6
Rf8 35. Nxh6 a4 36. Ng4 a3 37. bxa3 Ra8 38. h6 Rxa3 39. Rxf6+ Kd7 40. h7 Ra1+
41. Kf2 Ra2+ 42. Kg3 Ne2+ 43. Kh2 Bg1+ 44. Kh3 Ra8 45. Ng6 1-0

[Event "1st Hainan Open 2016"]
[Site "Danzhou CHN"]
[Date "2016.12.10"]
[Round "4.2"]
[White "Hamitevici, Vladimir"]
[Black "Rapport, Richard"]
[Result "1-0"]
[WhiteTitle "IM"]
[BlackTitle "GM"]
[WhiteElo "2477"]
[BlackElo "2717"]
[WhiteFideId "13902393"]
[BlackFideId "738590"]
[EventDate "2016.12.07"]

1. Nf3 f5 2. d4 e6 3. Bf4 Nf6 4. e3 g6 5. c4 Bg7 6. Nc3 O-O 7. h3 d6 8. Be2 Qe7
9. Bh2 Nc6 10. O-O Nd8 11. b4 Nf7 12. c5 Kh8 13. Rc1 Bd7 14. Re1 a6 15. Bd3 e5
16. Bc4 e4 17. Nd2 Ne8 18. Nd5 Qd8 19. a4 Ng5 20. Qb3 c6 21. Nb6 d5 22. Bxd5
cxd5 23. Qxd5 Bc6 24. Qb3 Nf6 25. Bd6 Ra7 26. h4 Nf7 27. Bxf8 Qxf8 28. d5 Be8
29. Ndc4 g5 30. h5 Nxh5 31. d6 Nd8 32. d7 Bf7 33. Qd1 Nf6 34. Nd6 Ng4 35. f3
exf3 36. Qxf3 Be5 37. Nxf5 Bh5 38. Rf1 Nf6 39. Qh3 Qf7 40. Nd6 Qb3 41. Rb1 Qd3
42. Ndc4 Bc3 43. Qf5 Qxf5 44. Rxf5 Bg6 45. g4 Bxf5 46. gxf5 a5 47. b5 Bb4 48.
Kg2 Bxc5 49. e4 Ng4 50. Kf3 Nh6 51. Rd1 Kg7 52. Rd5 Bb4 53. Nd6 Bxd6 54. Rxd6
Nhf7 55. Re6 h5 56. e5 h4 57. Kg4 Kh7 58. Re7 Kh6 59. Rxf7 Nxf7 60. e6 1-0

[Event "1st Hainan Open 2016"]
[Site "Danzhou CHN"]
[Date "2016.12.10"]
[Round "4.3"]
[White "Zhao, Zong-Yuan"]
[Black "Yermolinsky, Alex"]
[Result "1/2-1/2"]
[WhiteTitle "GM"]
[BlackTitle "GM"]
[WhiteElo "2544"]
[BlackElo "2486"]
[WhiteFideId "3202534"]
[BlackFideId "2005492"]
[EventDate "2016.12.07"]

1. e4 c5 2. Nf3 Nc6 3. d4 cxd4 4. Nxd4 Nf6 5. Nc3 d6 6. Bg5 e6 7. Qd2 Be7 8.
O-O-O Nxd4 9. Qxd4 O-O 10. f4 h6 11. Bh4 Qa5 12. Bc4 e5 13. fxe5 dxe5 14. Qd3
Bg4 15. Rdf1 Rac8 16. Bxf6 Bxf6 17. Rxf6 gxf6 18. Nd5 Qc5 19. Bb3 Qf2 20. Ne7+
Kg7 21. Nxc8 Qxg2 22. Qf1 Qxf1+ 23. Rxf1 Bxc8 24. Rg1+ Kh7 25. Rf1 Kg6 26. Rg1+
Kh7 27. Rf1 1/2-1/2

[Event "1st Hainan Open 2016"]
[Site "Danzhou CHN"]
[Date "2016.12.10"]
[Round "4.4"]
[White "Dai, Changren"]
[Black "Batchuluun, Tsegmed"]
[Result "1-0"]
[BlackTitle "GM"]
[WhiteElo "2436"]
[BlackElo "2521"]
[WhiteFideId "8608156"]
[BlackFideId "4900847"]
[EventDate "2016.12.07"]

1. e4 e5 2. Nf3 Nc6 3. Bb5 a6 4. Ba4 Nf6 5. O-O Be7 6. Re1 b5 7. Bb3 d6 8. c3
O-O 9. h3 Bb7 10. d4 Re8 11. Ng5 Rf8 12. Nf3 Re8 13. Nbd2 Bf8 14. a3 h6 15. Bc2
Nb8 16. b4 Nbd7 17. Bb2 g6 18. c4 Bg7 19. dxe5 dxe5 20. c5 Qe7 21. Nb3 Rad8 22.
Na5 Ba8 23. Qe2 Nh5 24. g3 Nb8 25. Rad1 Nc6 26. Nxc6 Bxc6 27. Bb3 Bd7 28. Kg2
Be6 29. Bxe6 Qxe6 30. Rxd8 Rxd8 31. Rd1 Rxd1 32. Qxd1 Qe8 33. Qd5 c6 34. Qd6 f6
35. Bc1 Bf8 36. Qc7 Ng7 37. Qb7 Ne6 38. Be3 Nd4 39. Qxa6 Nc2 40. a4 bxa4 41.
Qc4+ Qf7 42. Qxc2 a3 43. Bc1 a2 44. Bb2 Kh7 45. Nd2 Qa7 46. Ba1 h5 47. Nb3 Qa4
48. Qc4 Bg7 49. Nc1 Qd1 50. Bb2 Qd2 51. Qc3 Qd1 52. Nxa2 Qb1 53. Nc1 Qxe4+ 54.
f3 Qd5 55. Qd3 Qe6 56. Bc3 f5 57. Ne2 e4 58. fxe4 fxe4 59. Qe3 Qb3 60. Kf2 Qf7+
61. Qf4 1-0

[Event "1st Hainan Open 2016"]
[Site "Danzhou CHN"]
[Date "2016.12.10"]
[Round "4.5"]
[White "Tan, Zhongyi"]
[Black "Tsydypov, Zhamsaran"]
[Result "1-0"]
[WhiteTitle "WGM"]
[BlackTitle "IM"]
[WhiteElo "2496"]
[BlackElo "2460"]
[WhiteFideId "8603642"]
[BlackFideId "4108566"]
[EventDate "2016.12.07"]

1. Nf3 Nf6 2. c4 e6 3. Nc3 Bb4 4. Qc2 O-O 5. a3 Bxc3 6. Qxc3 b6 7. e3 Bb7 8. Be2
d6 9. O-O Nbd7 10. b4 Ne4 11. Qc2 e5 12. d4 Ng5 13. Nxg5 Qxg5 14. e4 Qg6 15. d5
Rfc8 16. Bd3 c6 17. Qe2 Nf6 18. Bd2 Nh5 19. Qf3 c5 20. Rfb1 Rc7 21. bxc5 Rxc5
22. a4 Ba6 23. Be3 Rc7 24. a5 bxa5 25. Qe2 Bc8 26. f3 f5 27. Qc2 Nf4 28. Bxf4
exf4 29. e5 Rc5 30. Qc3 dxe5 31. Qxe5 Qf6 32. Qxf6 gxf6 33. Rb5 Rxb5 34. cxb5
Kf7 35. Rxa5 Ke7 36. b6 a6 37. Rc5 Kd6 38. Rc6+ Ke5 39. d6 Bd7 40. Rc7 Kxd6 41.
Ra7 Rb8 42. Rxa6 Kc5 43. Bxf5 Bb5 44. Ra7 h6 45. Rh7 Rxb6 46. Rxh6 Kd4 47. Rh7
Ke5 48. Rh5 Kd4 49. Bg6 Ke3 50. Rh7 Be2 51. Re7+ Kd2 52. h4 f5 53. Bxf5 Rh6 54.
Kf2 Bb5 55. Rb7 Bc6 56. Rb6 Rh5 57. Rxc6 Rxf5 58. Rd6+ Kc3 59. g3 Kc4 60. gxf4 1-0

[Event "1st Hainan Open 2016"]
[Site "Danzhou CHN"]
[Date "2016.12.10"]
[Round "4.6"]
[White "Zhou, Jianchao"]
[Black "Ji, Dan"]
[Result "1-0"]
[WhiteTitle "GM"]
[WhiteElo "2632"]
[BlackElo "2398"]
[WhiteFideId "8603537"]
[BlackFideId "8601887"]
[EventDate "2016.12.07"]

1. d4 d5 2. c4 e6 3. Nc3 Be7 4. Bf4 Nf6 5. e3 O-O 6. a3 c5 7. dxc5 Bxc5 8. Nf3
Nc6 9. Qc2 Qa5 10. Rd1 Be7 11. Be2 dxc4 12. Bxc4 Nh5 13. Bd6 Bxd6 14. Rxd6 Nf6
15. Qd2 Rd8 16. O-O Rxd6 17. Qxd6 Bd7 18. e4 Be8 19. Qf4 Rc8 20. e5 Nd7 21. Re1
Qb6 22. Nb5 Ncxe5 23. Nxe5 Nxe5 24. Rxe5 a6 25. Rxe6 fxe6 26. Nd6 Rxc4 27. Nxc4
Qd8 28. Nd6 Qe7 29. h4 Bc6 30. Nc4 Bd5 31. Ne5 Qf6 32. Qd4 Qf5 33. Kh2 h6 34. f3
Kh7 35. Kg3 Qf6 36. Qc3 Kg8 37. Qc8+ Qf8 38. Qxf8+ Kxf8 39. Kf2 Ke7 40. g4 Kd6
41. f4 Ba2 42. Ke3 Kd5 43. h5 Bb1 44. Nf7 Bc2 45. Kd2 Ba4 46. g5 Ke4 47. gxh6
gxh6 48. Nxh6 Kxf4 49. Nf7 Kf5 50. Nd6+ Kg5 51. Nxb7 Kxh5 52. Nc5 Bb5 53. Nxe6
Kg6 54. Kc3 1-0

[Event "1st Hainan Open 2016"]
[Site "Danzhou CHN"]
[Date "2016.12.10"]
[Round "4.7"]
[White "Jumabayev, Rinat"]
[Black "Nguyen, Thi Mai Hung"]
[Result "1-0"]
[WhiteTitle "GM"]
[BlackTitle "WGM"]
[WhiteElo "2611"]
[BlackElo "2357"]
[WhiteFideId "13702661"]
[BlackFideId "12401676"]
[EventDate "2016.12.07"]

1. Nf3 d5 2. g3 Bg4 3. Bg2 Nd7 4. c4 c6 5. cxd5 cxd5 6. Nc3 e6 7. Qb3 Qb6 8.
Qxb6 Nxb6 9. Ne5 Bh5 10. Nb5 Kd8 11. f4 f6 12. Nd3 Kd7 13. b4 Bg6 14. Nc5+ Bxc5
15. bxc5 Na4 16. Ba3 Ne7 17. Kf2 b6 18. Rhc1 bxc5 19. Bxc5 Nxc5 20. Rxc5 Rhc8
21. Rxc8 Nxc8 22. Nd4 Nd6 23. Bh3 Bf7 24. Rb1 Rc8 25. d3 Ke7 26. Rb3 Rc7 27. Ra3
g5 28. Ra6 gxf4 29. gxf4 Kd7 30. Ke3 Rb7 31. Ra5 f5 32. Nb3 Ke7 33. Nc5 Rc7 34.
Kd4 Be8 35. a4 Nf7 36. Na6 Rb7 37. Kc3 Nd8 38. Nc5 Rc7 39. d4 Nc6 40. Ra6 Rc8
41. e3 Rb8 42. Bf1 Rb6 43. Bb5 Rxa6 44. Nxa6 Na5 45. Kb4 Nb7 46. Bxe8 Kxe8 47.
Nb8 Nd6 48. Nc6 Nc4 49. Nxa7 Nxe3 50. a5 Kd7 51. a6 Ng2 52. Kc5 Nxf4 53. Nb5
Nd3+ 54. Kb6 1-0

[Event "1st Hainan Open 2016"]
[Site "Danzhou CHN"]
[Date "2016.12.10"]
[Round "4.8"]
[White "Sandipan, Chanda"]
[Black "Rapport, Jovana"]
[Result "1-0"]
[WhiteTitle "GM"]
[BlackTitle "WGM"]
[WhiteElo "2593"]
[BlackElo "2341"]
[WhiteFideId "5004225"]
[BlackFideId "937266"]
[EventDate "2016.12.07"]

1. d4 e6 2. Bf4 Nf6 3. e3 b6 4. Nf3 Bb7 5. Bd3 d6 6. h3 Nbd7 7. Bh2 Qe7 8. Nc3
a6 9. e4 e5 10. O-O g6 11. dxe5 dxe5 12. Bc4 Bg7 13. Nd5 Nxd5 14. exd5 O-O 15.
Re1 Rfe8 16. a4 h6 17. c3 Kh7 18. Qe2 Qf8 19. Rad1 Nc5 20. Qc2 Nd7 21. Nd2 Rad8
22. Nf1 Bc8 23. Ne3 Nb8 24. f4 exf4 25. Bxf4 Be5 26. Qf2 Qg7 27. Nc2 f5 28. Nd4
Bf6 29. Ne6 Bxe6 30. dxe6 Nc6 31. Rxd8 Nxd8 32. Qg3 Re7 33. Qd3 Re8 34. Kf1 b5
35. axb5 axb5 36. Bb3 c6 37. Qd6 Qe7 38. Qxe7+ Bxe7 39. Ra1 g5 40. Be5 Kg6 41.
Ra8 Rf8 42. Rc8 Re8 43. Bc2 Rf8 44. Rc7 Re8 45. g4 Nxe6 46. gxf5+ Kf7 47. Bb3 1-0

[Event "1st Hainan Open 2016"]
[Site "Danzhou CHN"]
[Date "2016.12.10"]
[Round "4.9"]
[White "Lin, Yi"]
[Black "Werle, Jan"]
[Result "1/2-1/2"]
[BlackTitle "GM"]
[WhiteElo "2422"]
[BlackElo "2560"]
[WhiteFideId "8609659"]
[BlackFideId "1006088"]
[EventDate "2016.12.07"]

1. d4 Nf6 2. c4 e6 3. g3 c5 4. Nf3 cxd4 5. Nxd4 d5 6. Bg2 e5 7. Nb3 d4 8. O-O
Nc6 9. Bg5 Be7 10. e3 Bg4 11. Qd2 O-O 12. Bxc6 bxc6 13. exd4 e4 14. Qe3 Re8 15.
Nc3 Bf3 16. Nd2 Ng4 17. Bxe7 Nxe3 18. Bxd8 Nxf1 19. Nxf3 Raxd8 20. Ne5 Nd2 21.
Nxc6 Rc8 22. Nxa7 Rxc4 23. d5 Rd4 24. Rd1 Rd3 25. Nc6 Nc4 26. a4 Nxb2 27. Rxd3
Nxd3 28. d6 Nc5 29. a5 e3 30. Kf1 e2+ 31. Nxe2 Re6 32. Ne7+ Kf8 33. Nc8 Ke8 34.
Nf4 Re4 35. Nd5 Kd7 36. Ndb6+ Kc6 37. Kg2 Re1 38. Ne7+ Kb5 39. Nf5 Kxa5 40. Nc4+
Kb5 41. d7 Nxd7 42. Ncd6+ Kc5 43. Nxf7 h6 44. Nd8 Nf8 45. Nb7+ Kd5 46. Na5 Rb1
47. Ne3+ Ke6 48. Nac4 Nd7 49. h4 Nc5 50. Kf3 h5 51. Ng2 Rb3+ 52. Nce3 g6 53.
Nf4+ Kf7 54. Kg2 Rb2 55. Nc4 Ra2 56. Kf3 Kf6 57. Ne3 Ra3 58. Nd5+ Kg7 59. Nf4
Ra4 60. Ned5 Nd7 61. Ne3 Ne5+ 62. Kg2 Ra2 63. Kf1 Kf7 64. Kg2 Ke7 65. Ned5+ Kd6
66. Nc3 Rc2 67. Ne4+ Ke7 68. Nd5+ Ke6 69. Nf4+ Kf7 70. Nd6+ Kg7 71. Ne4 Ng4 72.
Kf3 Ra2 73. Kg2 Kf7 74. Kf3 Ne5+ 75. Kg2 Ke7 76. Nd5+ Kd7 77. Nf4 Kc6 78. Ng5
Kc5 79. Nf3 Ng4 80. Nh3 Kc4 81. Nh2 Ne3+ 82. Kf3 Nd1 83. Kg2 Kd4 84. Nf3+ Ke4
85. Nhg5+ Kf5 86. Nd4+ Kf6 87. Nh3 Ne3+ 88. Kf3 Ng4 89. Kg2 Ke5 90. Nf3+ Ke4 91.
Nfg5+ Kd3 92. Nf4+ Kd4 93. Nf3+ Ke4 94. Ng5+ Kf5 95. Ngh3 Nf6 96. Ng5 Rd2 97.
Kf3 Nd5 98. Nxd5 Rxd5 99. Nh3 Rd3+ 100. Kg2 Ra3 101. Ng5 Rb3 102. Nh3 Ke4 103.
Ng5+ Kd3 104. Nh3 Rb6 105. Nf4+ Kd2 106. Nh3 Ke1 107. Ng5 1/2-1/2

[Event "1st Hainan Open 2016"]
[Site "Danzhou CHN"]
[Date "2016.12.10"]
[Round "4.10"]
[White "Li, Bo"]
[Black "Xu, Yinglun"]
[Result "1/2-1/2"]
[WhiteTitle "IM"]
[WhiteElo "2364"]
[BlackElo "2535"]
[WhiteFideId "8602786"]
[BlackFideId "8604940"]
[EventDate "2016.12.07"]

1. Nf3 Nf6 2. g3 d5 3. Bg2 c6 4. O-O Bf5 5. d3 e6 6. Nbd2 h6 7. Qe1 Be7 8. e4
Bh7 9. b3 a5 10. a3 O-O 11. Bb2 Na6 12. Qe2 Re8 13. Kh1 Qb6 14. Ne5 Nc5 15. Bd4
Qa6 16. Qe3 Ncd7 17. f4 c5 18. Bb2 d4 19. Qf2 a4 20. b4 b6 21. bxc5 bxc5 22.
Ndc4 Rab8 23. Bc1 Rf8 24. Nxd7 Nxd7 25. f5 f6 26. fxe6 Qxe6 27. Bf4 Ne5 28. Qe2
Bg6 29. Bf3 Bd6 30. Bxe5 Bxe5 31. Bh5 Bh7 32. Bg4 Qe7 33. Bf5 g6 34. Qg4 h5 35.
Be6+ Kg7 36. Qh3 Bc7 37. Bd5 Kh6 38. Qe6 Qxe6 39. Bxe6 f5 40. exf5 gxf5 41. Bd7
Bg8 42. Rxf5 Rxf5 43. Bxf5 Bxc4 44. dxc4 Rb2 45. Re1 Kg5 46. Bd3 Kf6 47. Rf1+
Ke6 48. Rf5 Bd6 49. Rxh5 Ra2 50. Rh6+ Kd7 51. Rh7+ Ke6 52. Ra7 Rxa3 53. Kg2 Ra1
54. h4 a3 55. g4 a2 56. Kf3 Rh1 57. Rxa2 Rh3+ 58. Kf2 Rh2+ 59. Kf3 Rh3+ 60. Kf2
Rh2+ 61. Kg1 Rxh4 62. Bf5+ Ke5 63. Kg2 Kf4 64. Ra6 Rh6 65. Ra3 Kg5 66. Rf3 Rh2+
67. Kf1 Rh8 68. Ke2 Re8+ 69. Kd3 Re3+ 70. Rxe3 dxe3 71. Kxe3 Bh2 72. Ke4 Bg1 73.
Kd5 Bf2 74. c3 Bg1 75. Ke4 1/2-1/2